000 01378nam a2200229Ia 4500
999 _c55565
_d55565
001 22647
003 GE_BSU
005 20200319200040.0
008 181216s2018||||ge |||||||||||||| ||geo||
020 _a9789941462597
040 _cGE_BSU
041 _ageo
080 _a821.353.1-32
100 _aჩაგანავა, პაატა.
_91685
245 _aმოთხრობები : /
_cპაატა ჩაგანავა.
264 _aბათუმი:
_bბათუმის შოთა რუსთაველის სახელმწ. უნ-ტის გამ-ბა,
_c2018.
300 _a298 გვ.:
_c20 სმ.
653 _aლიტერატურა
653 _aმოთხრობები
653 _aშვიდი საოცრება ; მოპარული სავარცხელი ; დაწყევლილი განძი ; გზას აცდენილები ; ბულვარის ბინადარი ; უძირო ცისფერი თვალები ; დავიწყებული ლოცვა ; ქალაქის სული ; ისტორიული სამართლიანობა ; გათვალული ; წუნკალი მსხნელი ; კონტრაბანდისტები
942 _cBK
_2udc